000 00639nam a22001937a 4500
005 20241224124144.0
010 _aENG-142339
020 _c475.00
_a9789393734983
035 _aEN-125871
037 _bExceller Books
037 _bDBAD
082 _a364.1680954
100 _aUkaegbu, Anthony C.
_975626
245 _aNational Security in a Globalised World: The Relevance of Smart Power and Diplomacy/
_cby Anthony C. Ukaegbu
260 _aKolkata
_bExceller Books
_c2024
270 _aG1 Dream Apartment, Degree College Road
_b Belgharia,Kolkata
300 _a223p.
_c21cm(pb)
942 _2ddc
_cEN
_mUKA
_h338.927
999 _c207935
_d207935